000
00309nam a2200133Ia 4500
005
20251222154313.0
008
251222s9999||||xx |||||||||||||| ||spa||
020
_a
978-970-10-5695-0
082
_a
572/H51
100
_a
"Hicks Gómez, Juan José"
245
0
_a
Bioquémica
250
_a
2a.ed.
942
_c
LIB
999
_c
33476
_d
33476